MDQL
is popping MORE tags! Check the
thread
!
Quizzes
Events
Quiz Creation
Community
Videos
Private Events
Remove Ads
Sign In
Join for FREE
Feedback
Dark Mode
Quiz Categories
Sports
Geography
Music
Movies
Television
Just For Fun
Miscellaneous
History
Literature
Language
Science
Gaming
Entertainment
Religion
Holiday
For Kids
Quiz Lab
Recent
Popular Today
Quiz Kudos Today
Editor Picks
Curator Picks
Quizzes by...
Day
Popularity
Type
Ratings
Length
Year
Community
Subscriptions
Recent Discussions
Orange Saloon
Badges
Playlists
Quests
Create
Leaderboards
Showdown
Live 5
Trivia Bingo
Activity
Puzzle Library
Sporcle Events
Private Events
Virtual Trivia
Globe League
Become a Host
Pub Owners
SporcleCon
Opinionation
Our Games
Videos
Blog
Mobile Apps
Partnerships
Remove Ads and Go Orange
Feedback
Movies
Disney
Marvel Cinematic Universe
Movie Resume
Movie Titles
Oscar
Actor
Actress
Director
Pixar
Role
Movie Quotes
Movie Characters
Box Office
Nominee
Best Picture
Star Wars
James Bond
Horror Movies
Movies
Disney
Marvel Cinematic Universe
Movie Resume
Movie Titles
Oscar
Actor
Actress
Director
Pixar
Role
Movie Quotes
Movie Characters
Box Office
Nominee
Best Picture
Star Wars
James Bond
Horror Movies
Random Quiz
Search Sporcle
×
Quiz Lab
Quiz Lab
Movies
Attractive
Type answers based on single images at one time
Type answers based on single images at one time
Slideshow
Best Score? Go Orange.
My fav female film characters Stats
Can you name the Film Characters I Find Attractive?
By
rvwendy
15m
30 Questions
60 Plays
60 Plays
60 Plays
Comments
Comments
Give Quiz Kudos
Give Quiz Kudos
-
- Ratings
hide this ad
Replay
Link that replays current quiz
Next Quiz
Link to next quiz in quiz playlist
You Got
0%
They Got
Avg Score
40%
Avg Friend Score
Upgrade to see
Score Distribution
Jump to the score distribution portion of the page
Score
0/30
Timer
15:00
0
Plays Today
% Correct
Wonder Woman
96.7%
Hermione Granger
83.3%
Natasha Romanoff
80%
Mia Wallace
68.3%
Velma
68.3%
Esmeralda
60%
Megara
56.7%
Maria Hill
51.7%
Arwen
50%
Joan Jett
45%
Queenie Goldstein
41.7%
Johanna Mason
41.7%
Aubrey Posen
38.3%
Dionne Davenport
35%
Gretel
33.3%
% Correct
Velma Kelly
33.3%
Eponine
31.7%
Ramona Flowers
31.7%
Marty Maraschino
31.7%
Sugar Kowalczyk
28.3%
Strawberry Fields
26.7%
Kelly Jones
25%
Lorraine Warren
25%
Adèle
25%
Rosalie Hale
23.3%
Maya
21.7%
Katherine Johnson
20%
Maureen
16.7%
Sookhee
15%
Therese Bellvet
15%
Quiz Playlist
Details
Report
Send in Message
Add To Playlist
Slideshow:
Type answers based on single images at one time
Last Updated: Jan 30, 2019
Quiz Scoreboard
CHALLENGE
Sign Up to Join the Scoreboard
Show All
Scores
Hide
Comments
May contain spoilers
Recently Published
Street Fighter Characters
by Artimus82
Gaming
60s
9x9 Crossword: Cartoon Network
by jackfrog10
Miscellaneous
3m
College Basketball Coaching Resumes
by pancakes188
Sports
9m
More to Explore
Quiz From the Vault
Featured Blog Post
Where Did the Easter Bunny Come From?
hide this ad
You Might Also Like...
Tags
Attractive
Character
Today's Top Quizzes in Movies
Browse Movies
hide this ad
Today's Top Quizzes in Attractive
Browse Attractive
Top Contributed Quizzes in Movies
1
Pick 5 Posters: Directed by Spielberg
2
7-to-1: Pixar Characters
3
Hidden Star Wars Character II
4
Pick 5 Posters: Lowest-Rated Spielberg
5
Sorting Actors
6
Sorting Actresses
7
Hidden Star Wars Character III
8
Pick 5 Posters: Directed by Scorsese
9
Hidden Star Wars Character IV
10
Pick 5 Posters: Star & Director
Explore More
Trending Topics
NBA
Harry Potter
Marvel
Crossword
Anime
Disney
Kpop
Country
Song
Soccer
Puzzle
WWE
The Office
Pokémon
NFL
hide this ad
More By:
rvwendy
Quiz
Plays
Rating
Category
Featured
Created
Name my bias and bias wrecker
520
4.67
Music
Oct 15, 2017
Male KPop Idols I Find Most Attractive
486
4.67
Music
Feb 8, 2018
Another 300 Kpop Songs on Shuffle
369
4.60
Music
Oct 8, 2019
Do we have the same Kpop bias?
348
4.75
Music
Jan 6, 2018
Name the Kpop idols with the best smiles
326
5.00
Music
Nov 13, 2017
Go to Creator's Profile
Score Distribution
Quiz Creator Spotlight
rvwendy
Follow
Send a Message
Quizzes Created
-
Created Quiz Play Count
-
More By This Creator
Popular Quizzes Today
1
Find the US States - No Outlines Minefield
2
Find the Countries of Europe - No Outlines Minefield
3
The Countries of the World
4
Find the US States
5
Risky Map Clicking: Biggest States A-Z
6
US States
7
Popular People in 1961
8
Movies - When Are They Set?
More Movies Quizzes
Disney/Pixar Movie By Death
Quiz Lab
Trending Quizzes
Risky Map Clicking: Least Populous States A-Z
Countries of the World: 200 Million BC
1-10 Letter G Words
Risky Map Clicking: Next State Alphabetically
Adjectives in 80s TV Shows
Recently Updated
Leaping Animals
pecheneg
Reality TV Shows (A-Z)
bhenderson79
Rickey Henderson's Hall of Fame Teammates
pecheneg
Champions League XIs: Arsenal
pecheneg
Quick Pick: Celebrities in WWE's Hall of Fame
aduchscher
A-Z Keypad Blitz II
pecheneg
Multiple Oscar Actors
pecheneg
Mystery Phrase Blitz: Oscar 'Best Actors'
pecheneg
F. Scott Fitzgerald Novels
LTH
Pick 3 Villains
ddd62291
Trending Topics
Harry Potter
Disney
Marvel
NBA
Anime
Crossword
Kpop
WWE
Song
Pokémon
Puzzle
NFL
Soccer
The Office
Country
Your Account Isn't Verified!
In order to create a playlist on Sporcle, you need to verify the email address you used during registration. Go to your
Sporcle Settings
to finish the process.
Report this User
Report this user for behavior that violates our
Community Guidelines
.
Details:
Send Report
Go to the Sporcle.com Mobile Site →
Comments